Joueurs et équipes participants au major de Paris 2026 Rocket League - Statistiques

Statistiques générales
  • Ce quiz a été pris 26 fois
  • Le résultat moyen est 26 sur 64
Statistiques - réponses
Hint Réponse % Correct
Atow.
95%
Joueurs Vatira
95%
Joueurs zen
95%
nass
90%
Oski
90%
N°1 Europe Team Vitality
90%
juicy
85%
N°2 Europe Gentle Mates
80%
N°4 Europe Karmine Corp
80%
Joueurs stizzy
75%
Joueurs ExoTiiK
70%
Joueurs Archie
65%
Joueurs Atomic
65%
M0nkey M00n
65%
BeastMode
60%
Daniel
60%
N°5 Europe Man City Esports
55%
N°3 Europe Ninjas in Pyjamas
55%
N°1 Amérique du Nord NRG
55%
Joueurs Nwpo
55%
Seikoo
55%
N°2 Amérique du Sud FURIA
50%
trk511
50%
N°1 Moyen-Orient et Afrique du Nord Twisted Minds
45%
crr
40%
Joueurs Firstkiller
40%
Joueurs Joreuz
40%
jstn.
35%
Lostt
35%
oaly.
35%
N°2 Amérique du Nord Spacestation Gaming
35%
bananahead
30%
N°4 Amérique du Nord FUT Esports
30%
kofyr
30%
N°1 Amérique du Sud MIBR
30%
N°2 Moyen-Orient et Afrique du Nord R8 Esports
30%
N°3 Amérique du Nord Shopify Rebellion
30%
N°1 Océanie Wildcard
30%
Joueurs yANXNZ
30%
Joueurs Abdullah
25%
accro
25%
Chronic
25%
diaz
25%
Joueurs ejby
25%
Lj
25%
Joueurs Torsos
25%
N°1 Asie-Pacifique TSM
25%
Fever
20%
Ghaazi
20%
M7md
20%
reveal
20%
Reysbull
20%
Joueurs Sad
20%
Joueurs Zach
20%
Aztro
15%
Joueurs CHEESE.
15%
Snowyy
15%
Sphinx
15%
Catalysm
10%
N°1 Afrique Subsaharienne Five Fears
10%
Joueurs Kevin
10%
Swiftt
10%
Joueurs tehqoz
10%
gunz
5%
Aucun quiz correspondant
Distribution des résultats
% des personnes avec chaque résultat
Percentile par nombre de réponses
Votre historique - résultats
Vous n’avez pas pris ce quiz